Countries where the migrant population is higher than native - Statistics

General Stats
  • This quiz has been taken 174 times
  • The average score is 5 of 7
Answer Stats
Answer % Correct
Qatar
88%
United Arab Emirates
88%
Bahrain
81%
Kuwait
79%
Vatican City
63%
Monaco
62%
Andorra
52%
No matching quizzes found
Score Distribution
Percent of People with Each Score
Percentile by Number Answered
Your Score History
You have not taken this quiz